| Tag |
First Indicator |
Second Indicator |
Subfields |
| LEADER |
00000cam a2200000 a 4500 |
| 001 |
in00000031177 |
| 005 |
20151007060322.0 |
| 008 |
870226s1987 ne a b 00110 eng |
| 010 |
|
|
|a 87005409
|
| 020 |
|
|
|a 0444427813 (U.S.) :
|c fl 160.00 (Netherlands : est.)
|
| 035 |
|
|
|a (OCoLC)15317131
|
| 035 |
|
|
|9 AAC0566AM
|
| 040 |
|
|
|a DLC
|c DLC
|d TXA
|d UtOrBLW
|
| 049 |
|
|
|a TXAM
|c [A11682773]
|
| 050 |
0 |
0 |
|a TC175
|b .F77 1987
|
| 082 |
0 |
|
|a 627/.45
|2 19
|
| 100 |
1 |
|
|a French, Richard H.
|
| 245 |
1 |
0 |
|a Hydraulic processes on alluvial fans /
|c R.H. French.
|
| 264 |
|
1 |
|a Amsterdam ;
|a New York :
|b Elsevier,
|c 1987.
|
| 300 |
|
|
|a xi, 244 pages :
|b illustrations ;
|c 25 cm.
|
| 336 |
|
|
|a text
|b txt
|2 rdacontent
|
| 337 |
|
|
|a unmediated
|b n
|2 rdamedia
|
| 338 |
|
|
|a volume
|b nc
|2 rdacarrier
|
| 490 |
1 |
|
|a Developments in water science ;
|v 31
|
| 504 |
|
|
|a Includes bibliographies and indexes.
|
| 650 |
|
0 |
|a Channels (Hydraulic engineering)
|
| 650 |
|
0 |
|a Alluvial fans.
|
| 650 |
|
0 |
|a Sediment transport.
|
| 830 |
|
0 |
|a Developments in water science ;
|v 31.
|
| 999 |
|
|
|a MARS
|
| 999 |
f |
f |
|s d9328986-b005-3340-9c84-149caf2a6ef7
|i 5bf9d7f1-af7d-3a98-8f15-5d72e25de8c3
|t 0
|
| 952 |
f |
f |
|p ric
|a Texas A&M University
|b Rellis Campus
|c Joint Library Facility
|d Remote Storage
|t 0
|e TC175 .F77 1987
|h Library of Congress classification
|i unmediated -- volume
|m A14811682773
|
| 998 |
f |
f |
|a TC175 .F77 1987
|t 0
|l Remote Storage
|